ACC Teams Quiz - Statistics

General Stats
  • This quiz has been taken 52 times
    22 since last reset
  • The average score is 14 of 18
Answer Stats
School % Correct
Georgia Tech
91%
North Carolina
91%
North Carolina State
91%
Clemson
82%
Duke
82%
Florida State
82%
Miami
82%
SMU
82%
Virginia
82%
Virginia Tech
82%
Wake Forest
82%
Boston College
73%
Pitt
73%
Stanford
73%
Syracuse
73%
California
64%
Louisville
55%
Notre Dame
55%
No matching quizzes found
Score Distribution
Percent of People with Each Score
Percentile by Number Answered
Your Score History
You have not taken this quiz since the last reset